Natural England v Andrew Cooper (Record no. 121898)

MARC details
000 -LEADER
fixed length control field 00985nab a22002175a 4500
005 - DATE AND TIME OF LATEST TRANSACTION
control field 20240408164132.0
007 - PHYSICAL DESCRIPTION FIXED FIELD--GENERAL INFORMATION
fixed length control field cu || ||||||aa
008 - FIXED-LENGTH DATA ELEMENTS--GENERAL INFORMATION
fixed length control field 240408t2024 xxk fo | o000 0 eng |
041 0# - LANGUAGE CODE
Language code of text/sound track or separate title eng
245 00 - TITLE STATEMENT
Title Natural England v Andrew Cooper
Medium [electronic resource]
260 ## - PUBLICATION, DISTRIBUTION, ETC.
Place of publication, distribution, etc. Kings Bench, Bristol District Registry,
Name of publisher, distributor, etc. [2024] EWHC 625 (KB),
Date of publication, distribution, etc. 3 April 2024
520 ## - SUMMARY, ETC.
Summary, etc. [2024] EWHC 625 (KB). Judge HHJ Russen QC sitting in the Kings Bench held that Natural England does not have the standing to sue for an injunction, to prevent a farmer ploughing land with significant archaeological features, under its powers afforded by the Environmental Impact Assessment (Agriculture) (England) (No.2) Regulations 2006.
650 0# - SUBJECT ADDED ENTRY--TOPICAL TERM
Topical term or geographic name entry element ARCHEOLOGY
650 0# - SUBJECT ADDED ENTRY--TOPICAL TERM
Topical term or geographic name entry element FARMLAND
650 0# - SUBJECT ADDED ENTRY--TOPICAL TERM
Topical term or geographic name entry element NATURAL ENGLAND
650 0# - SUBJECT ADDED ENTRY--TOPICAL TERM
Topical term or geographic name entry element PLOUGHING
651 #4 - SUBJECT ADDED ENTRY--GEOGRAPHIC NAME
Geographic name United Kingdom
690 ## - LOCAL SUBJECT ADDED ENTRY--TOPICAL TERM (OCLC, RLIN)
Topical term or geographic name as entry element Rural
9 (RLIN) 6268
856 40 - ELECTRONIC LOCATION AND ACCESS
Uniform Resource Identifier <a href="https://www.bailii.org/ew/cases/EWHC/KB/2024/625.html">https://www.bailii.org/ew/cases/EWHC/KB/2024/625.html</a>
Public note Available on BAILII
942 ## - ADDED ENTRY ELEMENTS (KOHA)
Suppress in OPAC 0
Holdings
Withdrawn status Lost status Damaged status Not for loan Home library Current library Shelving location Date acquired Total Checkouts Full call number Date last seen Price effective from Koha item type
        London Virtual Online 08/04/2024   ONLINE JUDGMENT 08/04/2024 08/04/2024 Law report